000 00602nam a2200229Ia 4500
003 OSt
005 20221007064731.0
006 a|||||r|||| 00| 0
007 ta
008 221006b |||||||| |||| 00| 0 eng d
024 _a10,725
037 _cTextual
040 _aFLL
_cFLL
_beng
041 _2eng
_aeng
082 _aQ2oaY, L7
100 _aKuppuswamy B. Au.
_9686201
245 0 _aDharma and socity
260 _aDelhi
_bMacmillian co of india limited India
_c1977
300 _a211p
_ccm.
942 _hQ2oaY, L7
_cTEXL
_2CC
999 _c1135174
_d1135174